| 000 | 01842nam a2200481 c 4500 | ||
|---|---|---|---|
| 001 | 23796 | ||
| 003 | ES-MaCES | ||
| 005 | 20180322142106.0 | ||
| 008 | 110524s2011 sp t 000 | spa d | ||
| 017 |
_aGR 1210-2011 _bDL |
||
| 020 | _a9788498368208 | ||
| 035 | _aCES20110004093m | ||
| 040 |
_aES-MaCES _bspa _cES-MaCES |
||
| 245 | 0 | 3 |
_aLa reforma laboral 2010-2011 y su instrumentación normativa _cMonereo Pérez, J.L., Fernández Avilés, J.A., Triguero Martínez, L.A. (dirs. y coords.) ; autores, Baylos Grau, A. ... [et al.] |
| 260 |
_aGranada _bComares _c2011 |
||
| 300 |
_aX, 476 P. _c224cm |
||
| 490 | 1 | _aBiblioteca Comares de ciencia jurídica | |
| 490 | 1 |
_aComentarios a la legislación social _v20 |
|
| 504 | _aBibliografía | ||
| 541 | _cCompra | ||
| 610 | 1 | 4 |
_aEspaña _tLey de medidas urgentes para la reforma del mercado de trabajo _d2010 _92998 |
| 650 | 4 |
_amercado de trabajo _928292 |
|
| 650 | 4 |
_aflexibilidad del trabajo _930174 |
|
| 650 | 4 |
_acondiciones de trabajo _928327 |
|
| 650 | 4 |
_aservicio de empleo _928311 |
|
| 650 | 4 |
_aempresa de trabajo temporal _929837 |
|
| 650 | 4 |
_alegislación del trabajo _927166 |
|
| 650 | 4 |
_areforma legislativa _929892 |
|
| 650 | 4 |
_aEspaña _926964 |
|
| 650 | 4 |
_a2010-2011 _931959 |
|
| 650 | 4 |
_acomentario _928971 |
|
| 650 | 4 |
_aderecho del trabajo _927165 |
|
| 653 | 1 | 0 | _aDerecho del trabajo y Seguridad Social |
| 700 | 1 |
_aMonereo Pérez, José Luis _ecol. _918830 |
|
| 700 | 1 |
_aFernández Avilés, José Antonio _ecol. _911772 |
|
| 700 | 1 |
_aTriguero Martínez, Luis Ángel _ecol. _925172 |
|
| 700 | 1 |
_97303 _aBaylos Grau, Antonio |
|
| 830 | 0 |
_aBiblioteca Comares de ciencia jurídica _932174 |
|
| 830 | 0 |
_aComentarios a la legislación social _v20 _933146 |
|
| 902 | _aLIB Libro | ||
| 942 |
_2CES _cBK _h6.0.1. |
||
| 999 |
_c23796 _d23796 |
||